Catálogo público

Centrales de abasto, modulos de abasto y mercados de venta al detalle / Sistema nacional para el abasto. México (Record no. 209265)

MARC details
000 -CABECERA
campo de control de longitud fija 00738nam a2200229Ia 4500
001 - NÚMERO DE CONTROL
campo de control dia_4049
003 - IDENTIFICADOR DEL NÚMERO DE CONTROL
campo de control OSt
005 - FECHA Y HORA DE LA ÚLTIMA TRANSACCIÓN
campo de control 20221028102826.0
008 - DATOS DE LONGITUD FIJA--INFORMACIÓN GENERAL
campo de control de longitud fija 220601s9999 xx 000 0 und d
040 ## - FUENTE DE LA CATALOGACIÓN
Centro catalogador/agencia de origen mxchpua
090 ## - LOCALMENTE ASIGNADO TIPO-LC NÚMERO DE CLASIFICACIÓN (OCLC); NÚMERO DE CLASIFICACIÓN LOCAL (RLIN)
Número de clasificación (OCLC) (R) ; Numero de clasificación, CALL (RLIN) (NR) FOLLETO 2373
100 ## - ENTRADA PRINCIPAL--NOMBRE DE PERSONA
Nombre de persona Sistema nacional para el abasto. México
9 (RLIN) 147856
245 ## - MENCIÓN DE TÍTULO
Título Centrales de abasto, modulos de abasto y mercados de venta al detalle / Sistema nacional para el abasto. México
260 ## - PUBLICACIÓN, DISTRIBUCIÓN, ETC.
Lugar de publicación, distribución, etc. México : Sistema nacional para el abasto
300 ## - DESCRIPCIÓN FÍSICA
Extensión 28 p.
500 ## - NOTA GENERAL
Nota general S/c
650 ## - PUNTO DE ACCESO ADICIONAL DE MATERIA--TÉRMINO DE MATERIA
Término de materia o nombre geográfico como elemento de entrada 1. Alimentos-Abastecimiento2. MercadosÌ
9 (RLIN) 175707
901 ## - ELEMENTOS DE DATOS A LOCAL LDA (RLIN)
a FOLLETO 2373
902 ## - ELEMENTOS DE DATOS B LOCAL, LDB (RLIN)
a M
905 ## - ELEMENTOS DE DATOS E LOCAL, LDE (RLIN)
a 0000001984 mx 0000000000spa00
942 ## - ELEMENTOS DE PUNTO DE ACCESO ADICIONAL (KOHA)
Tipo de ítem Koha Folleto
Fuente del sistema de clasificación o colocación Clasificación Universidad Autónoma de Chapingo
Holdings
Estado de retiro Estado de pérdida Fuente del sistema de clasificación o colocación Estado dañado Restricciones de uso No para préstamo Código de colección Localización permanente Ubicación/localización actual Fecha de adquisición Total de préstamos Signatura topográfica completa Código de barras Fecha visto por última vez Número de copia Precio válido a partir de Tipo de ítem Koha
    Dewey Decimal Classification   Préstamo interno   Folletos Ingenieria Agroindustrial Ingenieria Agroindustrial 01/06/2022   FOLLETO 2373 dia_FOLLETO 2373 01/06/2022 1 01/06/2022 Folleto